| 000 | 01035aam a2200313 i 4500 | ||
|---|---|---|---|
| 999 |
_c69074 _d69074 |
||
| 001 | 69074 | ||
| 003 | Mx-PuUPA | ||
| 005 | 20220302075616.0 | ||
| 008 | 200907s2014 enka||||r|||| 001 0 eng d | ||
| 020 | _a9780124200227 | ||
| 040 |
_aMx-PuUPA _bspa _cMx-PuUPA _dMx-PuUPA _erda |
||
| 041 | 0 | _aeng | |
| 100 | 1 |
_910865 _aKirkham, M. B., _d1944- _eautor |
|
| 245 | 1 | 0 |
_aPrinciples of soil and plant water relations / _cM. B. Kirkham |
| 250 | _aSecond edition | ||
| 264 | 1 |
_aOxford, OX,UK : _bElsevier, _c2014 |
|
| 300 |
_axviii, 579 páginas : _bilustraciones ; _c24 cm |
||
| 336 |
_2rdacontent _atexto _btxt |
||
| 337 |
_2rdamedia _asin medio _bn |
||
| 338 |
_2rdacarrier _avolumen _bnc |
||
| 650 | 4 |
_aRelaciones planta _xAgua |
|
| 650 | 4 |
_aRelaciones planta _xSuelo |
|
| 650 | 4 | _aFlujo de agua subterránea | |
| 650 | 4 |
_aSuelos _xAspectos ambientales |
|
| 942 |
_2ddc _cLI _h577.57 _iK58 |
||